Estatísticas para Alfabeto e Números em 15 segundos

Clique aqui para jogar o quiz

Estatísticas Gerais

  • Esse quiz foi jogado 743 vezes
  • A pontuação média é 24 de 36

Estatísticas das Respostas

Letra% Correto
A
93%
E
87%
C
86%
D
85%
B
83%
F
80%
G
80%
I
79%
H
77%
Q
77%
J
76%
L
75%
K
74%
O
74%
R
74%
P
73%
T
72%
S
71%
U
69%
M
68%
W
68%
N
67%
Y
64%
V
62%
1
60%
X
60%
Z
58%
2
56%
3
55%
4
52%
5
51%
6
48%
7
47%
8
45%
9
44%
0
36%

Distribuição das Pontuações

Percentil de Números Respondidos

Porcentagem de Pessoas com Cada Pontuação

Sua Pontuação Histórica

Você não jogou esse quiz